Statistics for element matching

Click here to take the quiz!

General Stats

  • This quiz has been taken 16 times
  • The average score is 53 of 60

Answer Stats

HintAnswer% Correct
CoCobalt
100%
KryptonKr
100%
RadiumRa
100%
RbRubidium
100%
ZincZn
100%
AluminumAl
93%
AmericiumAm
93%
ArgonAr
93%
AsArsenic
93%
BariumBa
93%
BeBeryllium
93%
BiBismuth
93%
Bboron
93%
BrBromine
93%
CalciumCa
93%
Ccarbon
93%
ClChlorine
93%
CrChromium
93%
CopperCu
93%
Cadmium
Cd
93%
Indium
In
93%
Ffluorine
93%
FaFrancium
93%
GaGallium
93%
GermaniumGe
93%
Hehelium
93%
IIodine
93%
LithiumLi
93%
ManganeseMn
93%
MoMolybdenum
93%
Neneon
93%
NiNickel
93%
Nnitrogen
93%
Ooxygen
93%
RadonRn
93%
SulferS
93%
ScandiumSc
93%
SeleniumSe
93%
TechnetiumTc
93%
Titanium
Ti
93%
UUranium
93%
VanadiumV
93%
XeXenon
93%
IronFe
86%
AuGold
86%
Hhydrogen
86%
MgMagnesium
86%
PhosphorusP
86%
KPotassium
86%
SiSilicon
86%
StrontiumSr
86%
Ag
Silver
71%
PlatinumPt
71%
Antimony
Sb
71%
SodiumNa
64%
LeadPb
64%
PlutoniumPu
64%
Tin
Sn
57%
MercuryHg
57%
TungstenW
57%

Score Distribution

Percentile by Number Answered

Percent of People with Each Score

Your Score History

You have not taken this quiz